02165cam a2200397 i 4500001001900000003000600019005001700025008004100042015001900083020002700102035002100129035002600150035001800176035001800194040003700212041001300249042001000262100002600272240005200298245010300350264003200453300002300485500002000508500006800528520091000596546003401506650001901540650001601559650002401575650003301599650003601632650002001668650002801688650002001716700003101736990196762840107026UkOxU20250627100539.0140312t20142011enk 001 0 eng|c aGBB4053982bnb a9780091955106 (pbk.) : a(UkOxU)019676284 a(UkOxU)019676284BIB01 a(UkCU)5677860 a(Uk)016603032 aStDuBDSbengerdacStDuBDSdUkCU1 aengajpn aukscp aKondo, Marieeauthor.10aJinsei ga tokimeku katazuke no mahō.lEnglish14aThe life-changing magic of tidying c/ Marie Kondo ; translated from the Japanese by Cathy Hirano. 1aLondon :bVermilion,c2014. a248 pages ;c20 cm aIncludes index. aFirst published: Tokyo, Japan : Sunmark Publishing, Inc., 2010. aDespite constant efforts to declutter your home, do papers still accumulate like snowdrifts and clothes pile up like a tangled mess of noodles? Japanese cleaning consultant Marie Kondo takes tidying to a whole new level, promising that if you properly simplify and organize your home once, you’ll never have to do it again. Most methods advocate a room-by-room or little-by-little approach, which doom you to pick away at your piles of stuff forever. The KonMari Method, with its revolutionary category-by-category system, leads to lasting results. In fact, none of Kondo’s clients have lapsed (and she still has a three-month waiting list). With detailed guidance for determining which items in your house “spark joy” (and which don’t), this international bestseller will help you clear your clutter and enjoy the unique magic of a tidy home—and the calm, motivated mindset it can inspire. aTranslated from the Japanese. 0aHouse cleaning 0aOrderliness 0aStorage in the home 0aOrganizational effectiveness 0aSelf-actualization (Psychology) 0aTime management 0aInterpersonal relations 0aQuality of life aHirano, Cathy,etranslator